| 000 | 00647nam a2200169 a 4500 | ||
|---|---|---|---|
| 008 | 110915s1990 ||||||||||||||||| || u | ||
| 050 | _aQM 25 Tol | ||
| 100 | _aToldt, Carl | ||
| 245 | 1 | 3 |
_aAn atlas of human anatomy for students and physicians _cby Carl Toldt |
| 260 |
_aNew York: _bMacmillan _c1990 |
||
| 300 | _a[variant pagings] : ill. | ||
| 350 | _a0.00 | ||
| 650 | 3 | _aANATOMY | |
| 650 | _aANATOMY--ATLASES | ||
| 650 | _aHUMAN ANATOMY--ATLASES | ||
| 995 |
_aMICHAEL CHILUFYA SATA OPEN ACCESS _D0.00 _e900967 _FCBU-SCHOOL OF MEDICINE LIBRARY (Ndola) _H1 _I0.00 _jQM 25 Tol _M1 _UAVAILABLE _WNov 1, 2011 _y900967 _ZMedical Library Open Access Collection |
||
| 999 |
_c30795 _d30795 |
||